000 03339nam a22012374i 4500
003 PE-LiUPU
005 20250813185423.0
008 180716s2016 sp a r 000 0 spa d
020 _a9788490773123
035 _a(Sirsi) a249250
040 _aPE-LiUPU
_bspa
_cPE-LiUPU
_erda
049 _aPRUA
082 0 4 _a305.231
_bS21
_220
100 1 _aSantiago Rodríguez, Yera,
_eautor.
245 1 0 _aAutonomía personal y salud infantil /
_cYera Santiago Rodríguez, Irene Arribas Peñalver.
264 1 _aMadrid :
_bSíntesis,
_c2016.
300 _a187 páginas :
_bilustraciones ;
_c27 centímetros.
336 _atext
_2rdacontent
337 _aunmediated
_2rdamedia
338 _avolume
_2rdacarrier
490 0 _aServicios socioculturales y a la comunidad
505 0 _aDesarrollo infantil -- Autonomía personal y adquisición de hábitos -- Alimentación infantil -- El sueño y el descanso -- Aseo e higiene personal en la infancia -- Salud y enfermedad -- Seguridad infantil.
526 _aP202
526 _aP201
526 _aP163
526 _aP162
526 _aP161
526 _aP160
526 _aP148
526 _aP147
526 _aP146
526 _aP145
526 _aP144
526 _aP143
526 _aP142
526 _aP141
526 _aP140
526 _aP139
526 _aP138
526 _aP137
526 _aP136
526 _aP135
526 _aP134
526 _aP133
526 _aP129
526 _aP128
526 _aP127
526 _aP120
526 _aP119
526 _aP118
526 _aP116
526 _aP115
526 _aP114
526 _aP110
526 _aP109
526 _aP108
526 _aP104
526 _aP103
526 _aP102
526 _aP99
526 _aP98
526 _aP97
526 _aP96
526 _aP95
526 _aP93
526 _aP90
526 _aP89
526 _aP88
526 _aP83
526 _aP82
526 _aP62
526 _aP59
526 _aP58
526 _aP57
526 _aP51
526 _aP49
526 _aP48
526 _aP47
526 _aP29
526 _aP24
526 _aP20
526 _aP19
526 _aP17
526 _aP15
526 _aP14
526 _aP12
526 _aP10
526 _aP09
526 _aP08
526 _aP07
526 _aP06
526 _aP05
526 _aP04
526 _aP01
541 _g0001-003607;
541 _g0001-003607;
650 1 4 _aEducación de niños.
_91818
650 2 4 _aNiños Cuidados e higiene.
700 1 _aArribas Peñalver, Irene,
_eautor.
910 _adbm
_bjpc
_cjpc
_d20180716
942 _2ddc
_cBOOK
994 _aC0
_bPEPRU
596 _a1
999 _a305.231 S21
_wDEWEY
_c28832
_i79036
_f2021-11-8
_g4
_lCCODEBUL1
_mBUL
_p31.50
_r0
_sY
_tBOOK
_u2018-7-16
_xEDUCACION
_PP12
_0COMPRA
_1FCOMPRA
_o.STAFF. Colección Ciencias Humanas y Educación
_d28832
999 _a305.231 S21
_wDEWEY
_c2
_i79037
_f2021-11-8
_g4
_lCCODEBUL1
_mBUL
_p31.50
_r0
_sY
_tBOOK
_u2018-7-16
_xEDUCACION
_PP20
_0COMPRA
_1FCOMPRA
_o.STAFF. Colección Ciencias Humanas y Educación
980 _81
_gALBERTO SANCHEZ Responsable de Automatización